Ч. 2 : Аналитическая геометрия; Высшая математика для технических университетов

Xehetasun bibliografikoak
Parent link:Высшая математика для технических университетов: учебное пособие/ В. Н. Задорожный, В. Ф. Зальмеж, А. Ю. Трифонов, А. В. Шаповалов; Национальный исследовательский Томский политехнический университет (ТПУ), Физико-технический институт (ФТИ), Кафедра высшей математики и математической физики (ВММФ). Ч. 2 : Аналитическая геометрия.— , 2014
Gaia:Заглавие с титульного экрана
Электронная версия печатной публикации
Настоящее пособие представляет собой изложение второй части курса «Высшая математика» и содержит материал по разделу этого курса: «Аналитическая геометрия». Оно содержит теоретический материал в объеме, предусмотренном ныне действующей программой курса высшей математики для инженерно-физических и физических специальностей университетов. Теоретический курс дополнен индивидуальными заданиями для самостоятельного решения по каждому разделу. Предлагаемое пособие может быть полезно студентам старших курсов, магистрантам и аспирантам, специализирующимся в области теоретической и математической физики. Пособие предназначено для студентов физических, инженерно-физических специальностей и студентов, обучающихся в системе элитного технического образования.
Режим доступа: из корпоративной сети ТПУ
Hizkuntza:errusiera
Argitaratua: 2014
Edizioa:3-е изд., испр.
Gaiak:
Sarrera elektronikoa:http://www.lib.tpu.ru/fulltext2/m/2015/m131.pdf
Formatua: MixedMaterials Baliabide elektronikoa Liburua
KOHA link:https://koha.lib.tpu.ru/cgi-bin/koha/opac-detail.pl?biblionumber=294687

MARC

LEADER 00000nlm2a2200000 4500
001 294687
005 20231102000728.0
035 |a (RuTPU)RU\TPU\book\319760 
090 |a 294687 
100 |a 20150515d2014 m y0rusy50 ca 
101 0 |a rus 
102 |a RU 
105 |a y j 001zy 
135 |a drgn ---uucaa 
181 0 |a i  
182 0 |a b 
200 0 |a Ч. 2 : Аналитическая геометрия  |b Электронный ресурс 
203 |a Текст  |c электронный 
205 |a 3-е изд., испр. 
210 |d 2014 
230 |a 1 компьютерный файл (pdf; 2.7 MB) 
300 |a Заглавие с титульного экрана 
300 |a Электронная версия печатной публикации 
330 |a Настоящее пособие представляет собой изложение второй части курса «Высшая математика» и содержит материал по разделу этого курса: «Аналитическая геометрия». Оно содержит теоретический материал в объеме, предусмотренном ныне действующей программой курса высшей математики для инженерно-физических и физических специальностей университетов. Теоретический курс дополнен индивидуальными заданиями для самостоятельного решения по каждому разделу. Предлагаемое пособие может быть полезно студентам старших курсов, магистрантам и аспирантам, специализирующимся в области теоретической и математической физики. Пособие предназначено для студентов физических, инженерно-физических специальностей и студентов, обучающихся в системе элитного технического образования. 
333 |a Режим доступа: из корпоративной сети ТПУ 
461 1 |0 (RuTPU)RU\TPU\book\319578  |t Высшая математика для технических университетов  |o учебное пособие  |o в 5 ч.  |f В. Н. Задорожный, В. Ф. Зальмеж, А. Ю. Трифонов, А. В. Шаповалов  |g Национальный исследовательский Томский политехнический университет (ТПУ), Физико-технический институт (ФТИ), Кафедра высшей математики и математической физики (ВММФ)  |v Ч. 2 : Аналитическая геометрия  |d 2014 
606 1 |a Математика высшая  |2 stltpush  |3 (RuTPU)RU\TPU\subj\3986  |9 32308 
606 1 |a Аналитическая геометрия  |2 stltpush  |3 (RuTPU)RU\TPU\subj\28991  |9 52410 
610 1 |a высшая математика 
610 1 |a учебные пособия 
610 1 |a труды учёных ТПУ 
610 1 |a электронный ресурс 
610 1 |a векторная алгебра 
610 1 |a скаляторы 
610 1 |a координаты 
610 1 |a задачи 
610 1 |a прямые линии 
610 1 |a плоскости 
610 1 |a кривые линии 
610 1 |a пространства 
675 |a 51(075.8)  |v 3 
675 |a 512.64(075.8)  |v 3 
801 1 |a RU  |b 63413507  |c 20091211 
801 2 |a RU  |b 63413507  |c 20211118  |g RCR 
856 4 0 |u http://www.lib.tpu.ru/fulltext2/m/2015/m131.pdf 
942 |c CF